Krátka analýza systému alokácie prostriedkov štátneho rozpočtu na vysoké školy v rokoch 1999 až 2002
Modely alokácie prostriedkov štátneho rozpočtu vysokým školám. Monitoring a analýza slovenskej aplikácie portugalského modelu alokácie verejných prostriedkov na vysoké školy.
Enregistré dans:
| Auteur principal: | |
|---|---|
| Format: | Chapitre de livre |
| Langue: | slovaque |
| Sujets: | |
| Tags: |
Pas de tags, Soyez le premier à ajouter un tag!
|
MARC
| LEADER | 00000naa a2200000 4500 | ||
|---|---|---|---|
| 001 | r049535 | ||
| 005 | 20230927095401.7 | ||
| 041 | 0 | |a slo | |
| 044 | |a SK | ||
| 245 | 1 | 0 | |a Krátka analýza systému alokácie prostriedkov štátneho rozpočtu na vysoké školy v rokoch 1999 až 2002 |c Ivan Ostrovský |
| 520 | |a Modely alokácie prostriedkov štátneho rozpočtu vysokým školám. Monitoring a analýza slovenskej aplikácie portugalského modelu alokácie verejných prostriedkov na vysoké školy. | ||
| 610 | 2 | 0 | |a školy vysoké |
| 610 | 2 | 0 | |a financovanie |
| 610 | 2 | 0 | |a dotácie štátne |
| 610 | 2 | 0 | |a financie verejné |
| 610 | 2 | 0 | |a modely alokačné |
| 610 | 2 | 0 | |a rozpočet štátny |
| 610 | 2 | 0 | |a 1999-2002 |
| 100 | 1 | |a Ostrovský, Ivan | |